书目信息 |
| 书名: | Showdown with Nuclear Iran | |
| 作者: | Michael Evans | |
| 分册号: | ||
| 分册名: | 出版地: | AMERICA |
|
| 出版社: | Nelson CURRENT | |
| 出版时间: | 2006 | |
| 页数: | 253P | |
| 开本: | 24CM | |
| 丛书名: | ||
| 中图分类号: | ||
| 科图分类号: | ||
| 其他分类号: | E1-49 | |
| 主题词: | ||
| 电子资源: | ||
| 000 | 00397nam0 2200145 450 | |
| 001 | 202012001070 | |
| 005 | 20121108091514.0 | |
| 008 | 12102701s | |
| 020 | @a9781595550750@bHARD@c$26.99 | |
| 099 | @dE1-49@eM6212 | |
| 245 | 10 | @aShowdown with Nuclear Iran@cMichael Evans |
| 260 | 0 | @aAMERICA@bNelson CURRENT@c2006 |
| 300 | @a253P@c24CM | |
| 905 | @b009983 | |
| 905 | @aTSG@dE1-49@eM6212 | |
| Showdown with Nuclear Iran / Michael Evans .-AMERICA : Nelson CURRENT , 2006 |
| 253P ; 24CM |
| ISBN 9781595550750HARD$26.99 |
| ● |
| 相关链接 |
|
|
|
正题名:Showdown with Nuclear Iran
索取号:E1-49/M6212
 
预约/预借
| 序号 | 登录号 | 条形码 | 馆藏地/架位号 | 状态 | 备注 |
| 1 | 9983 | 300099836 | 社科库509/509社科库 53排5列2层/ [索取号:E1-49/M6212] | 在馆 |